Equipos que han participado en la UCL los últimos 16 años - Estadísticas

Estadísticas generales
  • Esta prueba ha sido intentada 213 veces
  • La puntuación promedio es 56 de 116
Estadísticas de respuestas
Nº Participaciones País Equipo % Correcto
16 España Real Madrid
100%
16 España FC Barcelona
98%
13 España Atlético de Madrid
96%
13 Inglaterra Manchester City
96%
12 Francia PSG
96%
8 Italia AC Milan
95%
16 Alemania Bayern Múnich
95%
10 Italia Inter de Milán
95%
12 Inglaterra Manchester United
95%
10 Países Bajos Ajax
93%
14 Portugal FC Porto
93%
13 Italia Juventus
93%
13 Inglaterra Chelsea
92%
13 Portugal SL Benfica
92%
9 España Sevilla
91%
9 Inglaterra Liverpool
90%
12 Alemania Borussia Dortmund
88%
10 Inglaterra Arsenal
86%
6 España Valencia
82%
6 Italia AS Roma
81%
7 Escocia Celtic
79%
7 Turquía Galatasaray SK
78%
5 Países Bajos PSV
78%
6 Inglaterra Tottenham Hotspur
78%
7 Alemania Bayer Leverkusen
73%
2 España Real Sociedad
73%
8 Italia Nápoles
72%
3 España Villarreal
72%
4 Francia LOSC Lille
70%
3 Escocia Rangers FC
70%
6 Bélgica Club Brujas
69%
7 Ucrania Dinamo Kiev
68%
2 Países Bajos Feyenoord
68%
9 Rusia Zenit St. Petersburgo
68%
14 Ucrania Shakhtar Donetsk
64%
6 Croacia Dinamo Zagreb
63%
2 Italia Lazio
63%
4 Francia AS Mónaco
62%
8 Rusia CSKA Moscú
61%
6 Alemania RB Leipzig
61%
1 España Athletic Club Bilbao
60%
3 Serbia Crvena Zvezda
58%
4 Chipre Apoel Nicosia
57%
3 Italia Atalanta
57%
4 Turquía Besiktas
57%
8 Francia Olympique Lyon
57%
7 Francia Olympique Marsella
57%
1 España Málaga
56%
3 Suiza Young Boys
56%
9 Grecia Olympiacos
55%
2 Italia Fiorentina
54%
7 Suiza Basilea
53%
5 Dinamarca Copenhague
53%
1 Grecia AEK Atenas
50%
3 Suecia Malmö FF
50%
2 Grecia Panathinaikos
50%
5 Alemania Schalke 04
49%
1 Turquía Fenerbahçe
47%
4 Bélgica RSC Anderlecht
47%
1 Moldavia Sheriff Tiraspol
47%
1 Inglaterra Leicester City
44%
1 Inglaterra Newcastle United
44%
3 Alemania Wolfsburgo
43%
1 Francia RC Lens
40%
1 Alemania Union Berlín
40%
2 Israel Maccabi Haifa
39%
3 Alemania Borussia Mönchengladbach
37%
1 Israel Maccabi Tel Aviv
36%
1 República Checa Slavia Praga
36%
2 Bélgica KRC Genk
34%
3 Portugal Sporting Braga
34%
1 Kazajistán Astana
33%
3 Rusia Spartak Moscú
33%
2 Rumanía Steaua Bucarest (FCSB)
33%
2 Alemania Werder Bremen
31%
1 Serbia Partizan Belgrado
30%
1 Azerbaiyán Qarabag
30%
1 Bélgica Royal Antwerp
30%
2 Bulgaria Ludogorets
29%
5 Austria RB Salzburgo
29%
1 Alemania Stuttgart
29%
5 Bielorrusia BATE Borisov
28%
1 Rusia Krasnodar
28%
1 Polonia Legia Varsovia
27%
3 Rusia Lokomotiv Moscú
27%
1 Suiza Zurich
27%
3 Rumanía CFR Cluj
25%
1 Alemania Eintracht Frankfurt
25%
6 Portugal Sporting CP
25%
1 Alemania Hoffenheim
23%
1 Turquía Trabzonspor
23%
1 Austria Austria Viena
22%
1 Países Bajos AZ Alkmaar
22%
1 Países Bajos Twente
21%
4 República Checa Viktoria Plzen
21%
2 Francia Girondins Burdeos
20%
1 Turquía Istambul Basaksehir
20%
1 Francia Montpellier
20%
2 Eslovenia Maribor
17%
1 Dinamarca Midtjylland
15%
2 Rusia Rubin Kazán
14%
1 Rusia Rostov
13%
1 Bélgica Standard Lieja
13%
1 Hungría Ferencvárosi
12%
1 Francia Auxerre
11%
1 Israel Hapoel Tel Aviv
10%
1 Francia Stade Rennais
9%
1 Dinamarca Aalborg BK
8%
1 Rumanía Otelul Galati
8%
1 Turquía Bursaspor
5%
1 Bélgica Kaa Gent
5%
1 Eslovaquia Zilina
5%
1 Chipre Anorthosis
4%
1 Hungría Debreceni VSC
4%
1 Dinamarca Nordsjaelland
4%
1 Rumanía FC Unirea Urziceni
1%
No se encontraron pruebas coincidentes
Distribución de puntuación
Porcentaje de gente con cada puntuación
Porcentaje por número respondido
Historial de tus puntuaciones
No has intentado esta prueba.